Season of misdeeds / Kay Marshall Strom.
Available copies
- 1 of 1 copy available at LARL/NWRL Consortium.
Current holds
0 current holds with 1 total copy.
Show All Copies
| Location | Call Number / Copy Notes | Barcode | Shelving Location | Status | Due Date |
|---|---|---|---|---|---|
| Roseau Public Library | STR (Text) | 35500006640880 | Main | Available | - |
Record details
- Physical Description: 221 pages ; 22 cm
- Publisher: Berne, Indiana : Annie's, [2017]
- Copyright: ©2017
Content descriptions
| Summary, etc.: | Maggie Watson has found that her knack for solving ... Read More |
Search for related items by subject
| Subject: | Antiques > Maine > Fiction. Maine > Fiction. |
| Genre: | Mystery fiction. Detective and mystery fiction. |
Search for related items by series
| LDR | 02911cam a2200373 a 4500 | ||
|---|---|---|---|
| 001 | 407672 | ||
| 003 | LARL_NWRL_CONSORTIUM | ||
| 005 | 20230127145125.0 | ||
| 008 | 170802s2017 inu 000 1 eng d | ||
| 040 | . | ‡aJRB ‡beng ‡cJRB ‡dOCLCO ‡dOCLCQ ‡dOCLCA ‡dCNCAR ‡dOCLCO ‡dOCLCQ ‡dOCLCO | |
| 035 | . | ‡a(OCoLC)998840916 | |
| 043 | . | ‡an-us-me | |
| 100 | 1 | . | ‡aStrom, Kay Marshall, ‡eauthor. |
| 245 | 1 | 0. | ‡aSeason of misdeeds / ‡cKay Marshall Strom. |
| 264 | 1. | ‡aBerne, Indiana : ‡bAnnie's, ‡c[2017] | |
| 264 | 4. | ‡c©2017 | |
| 300 | . | ‡a221 pages ; ‡c22 cm | |
| 336 | . | ‡atext ‡btxt ‡2rdacontent | |
| 337 | . | ‡aunmediated ‡bn ‡2rdamedia | |
| 338 | . | ‡avolume ‡bnc ‡2rdacarrier | |
| 490 | 0 | . | ‡aAntique shop mysteries ; ‡v10 |
| 520 | . | ‡aMaggie Watson has found that her knack for solving mysteries has centered on the rooms of Sedgwick Manor and her shop, Carriage House Antiques, for well over a year since she inherited the property from her beloved Aunt Evelyn. But when Maggie discovers a trunk laden with artifacts from the Rvolutionary War, she needs her sleuthing skills to reach new heights. But while the contents of the chest shed light on the world of colonial America, its very presence immediately stirs up questions from Maggie's present day. How did the exquisitely carved trunk end up in an abandoned outbuilding on the manor grounds? Who is the rightful owner of the chest and its priceless cargo? How far would someone go to get it back? The answers could prove illuminating--or deadly. Maggie's daughter Emily, who initally discovers the ancient trunk, channels Maggie's inner detective to help her on the case. A nursing student by day, Emily has been fascinated by Maggie's penchant for whodunits and wants to experience this new side of her mother. Along with their pet cat Snickers, the dynamic trio may prove to be unstoppable. But who is behind the unseen force that keeps thwarting the investigation? Perhaps it is Jeff Davidson, a man who has spelled trouble for Maggie before. Arrested at the manor when Maggie first moved to Somerset Harbor, Davidson has wriggled his way out of jail just in time to become a thorn in Maggie's side. He says he represents a client who is interested in obtaining the chest at any cost. Maggie needs to know the origin of the chest and its cache of historic colonial relics before the bidding escalates to murder. | |
| 650 | 0. | ‡aAntiques ‡zMaine ‡vFiction. | |
| 651 | 0. | ‡aMaine ‡vFiction. ‡0(LARL_NWRL_CONSORTIUM)166017 | |
| 655 | 7. | ‡aMystery fiction. ‡2gsafd | |
| 655 | 7. | ‡aDetective and mystery fiction. ‡2lcgft | |
| 901 | . | ‡a407672 ‡b ‡c407672 ‡tbiblio | |

Add to basket
Permalink
Disable Highlighting